Florbela Espanca (Registo nº 6282)

Detalhes MARC
000 -Etiqueta do registo
campo de controlo de comprimento fixo 004990000a22001690004500
001 - Identificador do registo
Campo de controlo 6282
100 ## - Dados Gerais de Proc.
Dados gerais de processamento 20001117d1985 m y0pory5003 ba
101 0# - Língua da publicação
Língua do texto, banda sonora, etc. Português
102 ## - País de Publicação
País de publicação Portugal
200 1# - Título
Título próprio Florbela Espanca
Informação de outro título fotobiografia
Primeira menção de responsabilidade Rui Guedes
210 ## - Publicação, Distribuição
Lugar da edição, distribuição, etc. Lisboa
Nome do editor, distribuidor, etc. Dom Quixote
Data da publicação, distribuição, etc. 1985
215 ## - Descrição física
Descrição física 264 p.
Outras indicações físicas il
675 ## - CDU
Notação 929 Espanca, Florbela
Edição BN
Língua da edição Português
700 #1 - Responsabilidade principal
Palavra de ordem Guedes
Outra parte do nome Rui
Datas 1946-2001
090 ## - Números de controlo do sistema (Koha)
Número biblioitem do Koha (gerado automaticamente) 6282
942 ## - Elementos de entrada adicionados (Koha)
Tipo de item no Koha Monografias
Suprimido Disponível no OPAC
999 ## - Campo local
Campo local 6282
-- Bibliobase - BMTAV
-- 2019-01-21
Exemplares
Removido (estado) Perdido (estado) Data de aquisição Origem do registo (biblioteca) (codificado) Código da organização que empresta ou é detentora (biblioteca) Código de barras Local Número de inventário Cota Tipo de circulação (não pode ser emprestado) Tipo de item e material
Disponível Disponível 2000-11-17 Biblioteca Municipal Álvaro de Campos Biblioteca Municipal Álvaro de Campos BMTAV19452 Depósito 19452 G6 ESP-D Presencial/Restrito Monografias